000 00423nam a2200181Ia 4500
005 20240823041147.0
008 240823s9999||||xx |||||||||||||| ||und||
041 _aENGLISH
082 _A001.4222 L7
100 _a"Cochran,William G"
245 0 _aSampling Techniques
250 _a3rd
260 _c1977
_b"Wiley,New Delhi"
500 _aTRANSFERED
650 _aSampling
_bGeneral
942 _cBK
999 _c204832
_d204832